| 000 | 00820cam a2200229 a 4500 | ||
|---|---|---|---|
| 001 | 000005782 | ||
| 005 | 20200929151801.0 | ||
| 008 | 770304s1976 uy 000 p spa | ||
| 040 |
_aDO-SdBNP _bspa _cBNPHU |
||
| 082 |
_aU861.4 _bV393i |
||
| 100 | 1 |
_aVaz Ferreira, María Eugenia, _d1875-1924. _916359 |
|
| 245 | 1 | 3 |
_aLa isla de los cánticos / _cMaría Eugenia Vaz Ferreira ; prólogo Esther de Cáceres. |
| 260 |
_aMontevideo, Uruguay : _bMinisterio de Educación y Cultura, _c1976. |
||
| 300 |
_a96 p. ; _c20 cm. |
||
| 490 | 1 | _aBiblioteca Artigas ; | |
| 490 | 1 |
_aClásicos uruguayos ; _v20 |
|
| 650 | 4 |
_aPoesía uruguaya _93846 |
|
| 650 | 4 |
_aLiteratura uruguaya _ySIGLO XIX _916344 |
|
| 700 | 1 |
_aCáceres, Esther, _epról. _916360 |
|
| 830 | 0 |
_aBiblioteca Artigas ; _916279 |
|
| 830 | 0 |
_aClásicos uruguayos ; _n20 _916361 |
|
| 999 |
_c5578 _d5578 |
||